00528 2200193 4500001002100000005001700021008004100038035002600079245004900105100002000154700001500174260003400189300003100223020001800254082001100272084001700283650002200300990001200322INLIS00000000000018020240612145255.0240612| ||| | ind  a 0010-06240000000018000aTeknik Menulis Karya IlmiahcBambang Dwiloka0 aBambang Dwiloka0 aRati Riana aJakarta :bRineka Ciptac2005 axvi, 239 halaman ;c21 cm. a979-518-943-30 a808.02 a808.02 BAM t 0awriting technique a0000232